000 00221nam a2200085Ia 4500
008 120527s9999 xx 000 0 und d
100 _aJARBOE,Richard,H.
245 _aAgricultural load-sensing hydraulic systems
942 _cBK
999 _c25190
_d25190